000 00446nam a2200169Ia 4500
008 240729s9999 xx 000 0 und d
022 _a2767-3200
245 0 _aPLOS Climate
260 _aUnited States
260 _bPublic Library of Science (PLoS)
650 _a Meteorology. Climatology
650 _a Physics
650 _aScience
856 _uhttps://doaj.org/toc/f873f7f0e9554718a7e75d70da7a1417
942 _2ddc
942 _cDOAJEJ
999 _c67487
_d67487
945 _a1
_bMadushi Gamage
_c1
_dMadushi Gamage